| 000 | 00725nam a2200229Ia 4500 | ||
|---|---|---|---|
| 003 | GCL | ||
| 008 | 140319s9999 xx 000 0 ara d | ||
| 040 |
_aGCL / _cGCL |
||
| 082 | 0 | 4 |
_aق _b215.96216 _bع ص |
| 100 | 1 | _aعبدالعزيز محمد الشناوى | |
| 245 | 1 | 0 |
_aصورمن دور الازهر / _cعبدالعزيز محمد الشناوى |
| 260 |
_a[S.N] : _bدار الكتب ، _c1971 |
||
| 300 | _a229 ص | ||
| 490 | _a | ||
| 650 | 0 | 4 | _aمصر |
| 650 | 0 | 4 | _aتاريخ |
| 650 | 0 | 4 | _aالمقاومة الشعبية |
| 650 | 0 | 4 | _aعلماء الاسلام |
| 650 | 0 | 4 | _aالازهر (جامع) |
| 650 | 0 | 4 | _aالعالم العربى - تاريخ - العصر العثمانى |
| 942 |
_2ddc _cBK |
||
| 999 |
_c37074 _d37074 |
||